Public finance: theory and practice (Record no. 3735)

MARC details
000 -LEADER
fixed length control field 00977nam a2200157 4500
020 ## - INTERNATIONAL STANDARD BOOK NUMBER
ISBN 9788126111831
050 ## - CALL NUMBER
Classification number HJ1313
100 ## - AUTHOR
Personal name KUMAR, N
245 ## - TITLE
Title Public finance: theory and practice
Statement of responsibility, etc KUMAR, N., MITTAL, R
260 ## - PUBLICATION INFORMATION
Place of publication New Delhi
Name of publisher Anmol Publications Pvt Ltd.
Year of publication 2002
300 ## - DESCRIPTION
Number of Pages 428 p.
Other physical details illus.
Dimensions 23 cm
505 ## - FORMATTED CONTENTS NOTE
Table of Content Introduction to public finance <br/>Sources and classification of public revenue <br/>Types of taxes<br/>Taxation and canon <br/>Principles or theories of taxation <br/>Incidence and shifting of tax<br/>Taxable capacity<br/>Effects of taxation<br/>Fiscal policy <br/>Deficit financing <br/>Budget<br/>Union budget <br/>Local finance<br/>Public debt <br/>Federal finance <br/>India finance commission and administration <br/>Income and sales tax in India <br/>Interest tax in India<br/>Gift tax in India <br/>Estate duty<br/>Wealth tax in India<br/>Public expenditure in India <br/>War finance in India<br/>Railway finance in India <br/>
650 ## - SUBJECTS
Topical Term Finance, Public --
General subdivision India
700 ## - OTHER AUTHORS
Personal name MITTAL, R
942 ## - ADDED ENTRY ELEMENTS (KOHA)
Koha item type Books
Holdings
Withdrawn status Lost status Collection code Home library Current library Shelving location Date acquired Full call number Accession Number Koha item type
    Reference Methodist University Library Main Methodist University Library Main General Stacks 18/04/2013 HJ1313 37438 Books
Copyright © 2026  MUG Library